Poema del Mio Cid / (Record no. 185913)

MARC details
000 -LEADER
campo de control de longitud fija 00691nam a2200205 i 4500
001 - NÚMERO DE CONTROL
campo de control 185913
003 - IDENTIFICADOR DE NÚMERO DE CONTROL
campo de control ES-MaACL
005 - FECHA Y HORA DE LA ÚLTIMA TRANSACCIÓN
campo de control 20231221192205.0
008 - DATOS DE LONGITUD FIJA--INFORMACIÓN GENERAL
campo de control de longitud fija 160822s1926 sp |||| | spa d
080 ## - NÚMERO DE LA CLASIFICACIÓN DECIMAL UNIVERSAL
Número de la Clasificación Decimal Universal 821.134.2-13"11"
130 0# - ENTRADA PRINCIPAL--TÍTULO UNIFORME
Título uniforme Poema del Cid.
9 (RLIN) 123904
245 10 - MENCIÓN DEL TÍTULO
Título Poema del Mio Cid /
Mención de responsabilidad, etc. puesto en romance vulgar y lenguaje moderno por Pedro Salinas.
260 ## - PUBLICACIÓN, DISTRIBUCIÓN, ETC.
Lugar de publicación, distribución, etc. Madrid :
Nombre del editor, distribuidor, etc. Revista de Occidente,
Fecha de publicación, distribución, etc. 1926.
300 ## - DESCRIPCIÓN FÍSICA
Extensión 182 p. ;
Dimensiones 18 cm.
490 1# - MENCIÓN DE SERIE
Mención de serie Musas lejanas. Mitos, cuentos, leyendas ;
Designación de volumen o secuencia 8
700 1# - ENTRADA AGREGADA--NOMBRE PERSONAL
Nombre de persona Salinas, Pedro,
Fechas asociadas al nombre 1891-1951
9 (RLIN) 101942
830 1# - PUNTO DE ACCESO ADICIONAL DE SERIE-TÍTULO UNIFORME
Título uniforme Musas lejanas. Mitos, cuentos, leyendas ;
Designación de volumen o secuencia 8
9 (RLIN) 192435
852 ## - LOCALIZACIÓN
Ubicación ES-MaACL
Número de control de estantería C-13756
Holdings
Estatus retirado Estado de pérdida Estado de daño No para préstamo Biblioteca de origen Biblioteca actual Ubicación en estantería Fecha de adquisición Fuente de adquisición Total de préstamos Signatura topográfica completa Código de barras Visto por última vez Precio de reemplazo Tipo de ítem Koha
        Biblioteca del Ateneo de Madrid Biblioteca del Ateneo de Madrid Sala Palomar 22/08/2016     C-13756 1195989 23/02/2023 23/02/2023 Libro impreso